| 000 | 00914cam a2200157 4500500 | ||
|---|---|---|---|
| 005 | 20260111040547.0 | ||
| 041 | _afre | ||
| 042 | _adc | ||
| 100 | 1 | 0 |
_aTourenne, Yves _eauthor |
| 245 | 0 | 0 | _aClaude Tresmontant y el descubrimiento maravillado de lo Real. In memoriam |
| 260 | _c2025. | ||
| 500 | _a62 | ||
| 520 | _aLa posteridad intelectual de Claude Tresmontant sigue siendo poco conocida. Filósofo cristiano inclasificable, intentó restablecer un diálogo entre ciencia, filosofía y fe, revalorizando al mismo tiempo a Blondel en una perspectiva metafísica realista. Su obra, injustamente marginada, merece hoy ser releída, como nos invita a hacerlo Yves Tourenne en el artículo siguiente. | ||
| 786 | 0 | _nNouvelle revue théologique | 148 | 1 | 2025-12-09 | p. 88-102 | 0029-4845 | |
| 856 | 4 | 1 | _uhttps://shs.cairn.info/revista-nouvelle-revue-theologique-2026-1-page-88?lang=es&redirect-ssocas=7080 |
| 999 |
_c1612811 _d1612811 |
||